000 00551nam a2200181Ia 4500
008 131103s9999 xx 000 0 und d
040 _aLoreto College
041 _aEnglish
082 _a940.3/LEE
_bLCLIB(press)/13964
245 4 _aThe outbreak of the first world war
_b Who was responsible?
_cedited by Dwight E.Lee
260 _aBoston
_bD.c.Health & Co
_c1966
300 _a81p
_c 23cm
440 _aproblems in european civilization
650 _aWorld war,1914 - 18
700 _aLee, Dwight E.
850 _aLCLIB/940.3/LEE
942 _cBK
999 _c24773
_d75252